000 00692nam a2200289Ia 4500
005 20260324132742.0
008 008 260324s9999 xx 000 0 eng d
020 _a9780203340417
037 _aEBOOK
040 _aCRL
040 _beng
040 _cCRL
041 _2eng
041 _aeng
084 _qCRL
100 _aMalcolm Letts; Malcolm Letts; Malcolm Letts; Pero Tafur
_91190492
245 0 _aTravels and Adventures
245 0 _b1435-1439
260 _bTaylor and Francis
260 _c2004
365 _a
365 _b420
856 _uhttp://www.taylorfrancis.com/books/9780203340417
942 _cEBOOK
999 _c1788854
_d1788854